[Event "Opera Euro Rapid Prelims 2021"]
[Site "Online"]
[Date "2021.02.03"]
[Round "3.1"]
[White "So, Wesley"]
[Black "Dubov, Daniil"]
[Result "1-0"]
[WhiteElo "2770"]
[BlackElo "2710"]
[Annotator "TA"]
[PlyCount "141"]
[EventDate "2021.02.02"]
[EventType "tourn"]
[EventCountry "NET"]
[SourceTitle "playchess.com"]
[Source "ChessBase"]
[SourceQuality "1"]

{[%evp 10,141,24,20,29,39,51,46,69,59,63,61,77,28,19,23,28,-4,0,0,0,0,0,0,0,-36,-20,-24,-31,-33,0,-31,0,0,0,0,0,0,22,0,0,0,0,0,0,0,0,-27,-25,-16,-23,-86,-86,-77,-84,-72,-86,-89,-43,-174,-162,-177,-199,-173,-191,-187,-184,-160,-119,-115,-108,-129,-128,-121,-119,-117,8,12,58,85,406,402,374,233,231,231,231,220,503,495,483,475,607,614,629,643,614,588,721,723,714,714,656,685,736,717,820,696,943,935,842,732,939,911,954,948,1077,964,1558,1483,1200,425,425,447,455,0,5928,11360,29980,29980,29979,29979,29978,29978]} 1. e4 c5 2. Nf3 Nc6 3. Bb5 e6 4. O-O Nge7 5. d4 cxd4 6. Nxd4 Ng6 {B30: Sicilian: 2...Nc6 3 Bb5, lines without ...g6.} 7. Be3 Qc7 8. Be2 Be7 {White is slightly better.} 9. c4 O-O 10. Nc3 b6 11. Rc1 (11. Ndb5 $5 {[%cal Rb5c7]} Qb8 12. Qd2 $14) 11... Nxd4 12. Qxd4 Bb7 {[#]} 13. g3 $146 ({Predecessor:} 13. Nb5 Qc6 14. Qd2 a6 15. Nd4 Qc7 16. f3 Bd6 17. g3 Bxg3 18. hxg3 Qxg3+ 19. Kh1 Qh3+ 20. Kg1 f5 21. Nc2 fxe4 22. f4 Qg3+ 23. Kh1 Nxf4 24. Rf2 Qxf2 {0-1 (24) Madiai,F (2227)-Jumabayev,R (2600) Riga 2015}) 13... Bf6 14. Qd3 Bxc3 15. Rxc3 f5 16. exf5 Rxf5 (16... Qc6 $5 17. f3 $8 Rxf5 $11) 17. f3 Raf8 {aiming for ...Ne5.} 18. Qd1 Ne5 {[%cal Re5f3]} 19. Bd4 g5 20. Qd2 g4 ({Better is} 20... Qd6 $15) 21. f4 $11 Qc6 {[%csl Gb7][%cal Rc6g2]} 22. Kf2 Ng6 {White must now prevent ...e5.} 23. Bxg4 e5 24. Bxf5 (24. Bf3 Qc7 $15) 24... exd4 $40 {[%mdl 128] Black has some attack.} (24... Rxf5 $2 25. Be3 $18) 25. Qxd4 Rxf5 26. Re3 Rc5 27. b3 b5 $1 {[%cal Rb5c4]} 28. Re8+ Kf7 29. Rd8 Nf8 {[%cal Rb5c4]} 30. Rb8 (30. Rd1 $11 {remains equal.} bxc4 31. bxc4) 30... Ne6 {[%mdl 1024] Black has strong compensation.} 31. Qd3 Rh5 {Hoping for ...bxc4.} 32. h4 bxc4 33. bxc4 Qc7 34. Rh8 (34. Rb1 $15 Nxf4 35. Qxd7+ (35. gxf4 Qxf4+ {[%mdl 64] Double Attack} 36. Kg1 Qg4+ 37. Kf2 Qf4+ 38. Kg1 Qg4+ 39. Kf2 Be4 $19 {[%mdl 64] Skewer}) 35... Qxd7 36. R1xb7 Nd3+ 37. Kg2) 34... Qb6+ $19 35. Ke1 Nc5 36. Qe2 {Intending Qe8+ and mate.} Qa5+ 37. Kf2 {White threatens Qe8+ and mate.} Ne4+ 38. Kg1 Qb6+ ({Inferior is} 38... Nxg3 39. Qe8+ Kf6 40. Rf8+ Kg7 41. Qe7+ Kh6 42. Rf6#) 39. Kh2 Qg6 40. Rf3 Qg4 41. Re3 Qxe2+ 42. Rxe2 Bc6 (42... Nf6 $1 $17) 43. Kh3 $1 $11 Kg7 (43... Nc3 $5 {[%cal Rc3e2]} 44. Rc2 Ne4 $14) 44. Re8 {White leaves nothing to chance now.} d5 {[%mdl 8192]} (44... Nd6 $16 {is tougher.}) 45. Re7+ $18 {[%mdl 64] Double Attack} Kf8 46. Rc7 Rh6 47. cxd5 ({Stronger than} 47. Rxa7 d4 $11) 47... Bxd5 48. Rb2 {[%cal Rb2b8]} Nd6 $2 (48... Rb6 49. Rxb6 axb6 50. Rxh7 Nf2+ 51. Kh2 Bxa2) 49. Rb8+ Ne8 50. Rxa7 Rc6 51. Rxh7 Be6+ 52. g4 Rc3+ 53. Kh2 Bg8 54. Rh8 Re3 55. a4 {[%cal Ba2a4,Ba4a5,Ba5a6][%mdl 32]} Kg7 56. Rh5 Nf6 57. Rg5+ Kf7 58. a5 Bh7 59. Rb7+ Kf8 60. Rb6 Kf7 61. f5 Ne4 62. a6 Re2+ 63. Kg1 Nd2 64. Rb7+ Kf6 65. Rxh7 {[%mdl 4096] Endgame KRR-KRN} (65. a7 $142 Re1+ 66. Kf2) 65... Nf3+ 66. Kf1 Rd2 {intending ...Nh2+.} 67. Rh6+ $2 ({White must play} 67. Rg6+ $18 Ke5 68. Re6+ Kf4 69. Re2 Rd1+ 70. Kg2 Rg1+ 71. Kf2) 67... Ke5 $2 {[%mdl 8192]} (67... Kf7 $11) 68. f6+ $1 Kf4 {[#]} 69. Rf5+ $1 {White mates.} Kg3 {[#]} 70. Rxf3+ $1 {[%mdl 64] Remove Defender} Kxf3 {[#]} 71. Ke1 $1 {Weighted Error Value: White=0.15/Black=0.35} 1-0

[Event "Opera Euro Rapid Prelims 2021"]
[Site "Online"]
[Date "2021.02.03"]
[Round "3.3"]
[White "Bluebaum, Matthias"]
[Black "Carlsen, Magnus"]
[Result "0-1"]
[WhiteElo "2670"]
[BlackElo "2862"]
[Annotator "TA"]
[PlyCount "114"]
[EventDate "2021.02.02"]
[EventType "tourn"]
[EventCountry "NET"]
[SourceTitle "playchess.com"]
[Source "ChessBase"]
[SourceQuality "1"]

{[%evp 10,114,8,0,0,7,8,2,7,9,9,9,13,0,0,0,6,0,0,-6,0,-8,-14,-8,10,-76,-75,-69,-6,-77,-72,-86,-69,-107,-98,-100,-95,-135,-158,-159,-67,-114,-92,-68,-76,-69,-77,-269,-276,-279,-281,-271,-275,-281,-274,-279,-278,-277,-287,-285,-268,-250,-141,-294,-290,-294,-291,-417,-306,-108,-300,-305,-303,-299,-297,-303,-301,-345,-346,-359,-324,-489,-478,-370,-363,-552,-552,-538,-539,-496,-480,-522,-487,-503,-408,-398,-387,-385,-352,-352,-350,-586,-582,-1740,-2083,-1136,-1329]} 1. d4 d5 2. Nf3 e6 3. e3 Nf6 4. Bd3 c5 5. b3 Nc6 6. O-O b6 {D05: Colle System with ...e6.} 7. Bb2 Bb7 8. Nbd2 Rc8 {The position is equal.} 9. a3 cxd4 10. exd4 g6 11. Qe2 Bg7 12. Ne5 O-O {[#]} 13. Rac1 $146 ({Predecessor:} 13. f4 Ne7 14. g4 Ne8 15. a4 Nd6 16. Ba3 Re8 17. Rad1 Qc7 18. Bxd6 Qxd6 19. Qe3 {1-0 (37) Krush,I (2422)-Kovalevskaya,E (2407) Moscow 2019}) 13... Ne7 14. a4 Nf5 15. c3 Re8 16. Ba3 Qc7 17. Rc2 (17. g4 $11 {remains equal.} Nd6 18. f3) 17... Ne4 $1 $17 {[%cal Re4c3]} 18. Bb2 {[#]} f6 ({Black should play} 18... Nc5 $1 $15 19. Bb5 Red8 $1) 19. Nef3 (19. Ng4 $1 $11) 19... e5 $1 {Hoping for ...Nxd2.} 20. dxe5 Nxd2 21. Qxd2 fxe5 {Strongly threatening ...e4.} 22. Bxf5 gxf5 23. Nh4 f4 24. Nf5 Bf6 (24... Bf8 $1 $17 {aiming for ...d4!} 25. Qd1 Qf7) 25. c4 d4 ({Reject} 25... dxc4 $6 26. Rxc4 Qd8 27. Nh6+ Kg7 28. Nf5+ Kg8 29. Nh6+ Kg7 30. Nf5+ Kg8 $11) 26. Nh6+ Kh8 {Threatens to win with ...Qg7!} 27. f3 Rcd8 28. Rcc1 $2 (28. Ng4 $17 Bh4 29. Kh1) 28... Bc8 $1 $19 29. h3 Qg7 30. Ng4 Bh4 31. Rcd1 h5 32. Nxe5 Rxe5 ({Not} 32... Qxe5 33. Bxd4 Rxd4 34. Qxd4 $11) 33. Bxd4 {[#]} Rxd4 {[%mdl 512]} 34. Qxd4 {[#]} Bxh3 $1 {[%csl Gh3][%cal Rg7g2]} 35. Rd2 Kh7 (35... Bf6 $19 36. Qxf4 {[#]} Bg5 $1 {[%mdl 64] Skewer}) 36. Rfd1 $2 (36. Ra2 $17 {was worth a try.}) 36... Bf5 37. b4 Be7 38. Qb2 (38. Qxf4 $142 Bg5 {[%mdl 64] Skewer} 39. Qh2 Be3+ 40. Kf1 Bxd2 41. Rxd2) 38... Re3 39. Qxg7+ Kxg7 40. c5 bxc5 41. bxc5 Bxc5 42. Rd5 Rc3+ 43. Kh2 Kf6 44. a5 Bf2 45. Kh1 (45. R5d2 $142 Bc5 46. Rd8) 45... Ra3 46. Rd6+ Be6 47. Ra6 (47. Rf1 $142 Bc5 48. Ra6) 47... Ke5 48. Rc1 h4 49. Rb1 Bc4 50. Rh6 Bg3 51. Rd1 Bd3 52. a6 Bf5 53. Rc1 Kd4 54. Rf6 Bd3 55. Re6 $2 (55. Rd1) 55... Bxa6 {Black is clearly winning.} 56. Rd6+ Ke3 57. Re6+ Kd2 {Weighted Error Value: White=0.41/Black=0.11} 0-1

[Event "Opera Euro Rapid Prelims 2021"]
[Site "Online"]
[Date "2021.02.03"]
[Round "3.4"]
[White "Shankland, Sam"]
[Black "Ding, Liren"]
[Result "1-0"]
[WhiteElo "2691"]
[BlackElo "2791"]
[Annotator "TA"]
[PlyCount "107"]
[EventDate "2021.02.02"]
[EventType "tourn"]
[EventCountry "NET"]
[SourceTitle "playchess.com"]
[Source "ChessBase"]
[SourceQuality "1"]

{[%evp 9,107,5,16,16,8,14,10,14,18,0,0,0,8,0,18,12,18,11,14,0,0,0,0,0,0,0,0,2,6,13,11,9,9,0,4,-17,-18,-13,-12,-60,-8,-6,0,0,0,0,0,0,0,-6,0,0,0,0,12,12,112,0,27,-71,-82,-243,-283,-232,0,0,0,0,0,0,0,0,0,0,0,0,0,3,54,55,175,158,617,512,29964,29966,29970,29969,29969,29970,29969,29968,29976,29977,29977,29978,29979,29980,29980,29981]} 1. d4 Nf6 2. c4 e6 3. Nf3 b6 4. a3 Bb7 5. Bf4 c5 6. Nc3 {[%cal Bb1c3,Bc3b5,Bb5d6][%mdl 32] E12: Queen's Indian: Unusual White 4th moves, 4 a3, 4 Nc3 Bb7 5 a3 and 4 Nc3 Bb7 .} cxd4 7. Qxd4 Nc6 8. Qd3 {The position is equal.} Nh5 9. Bg5 Be7 10. Bxe7 Qxe7 11. Nb5 {Strongly threatening Nc7+.} O-O 12. Nd6 {[#]} Nd8 $146 ({Predecessor:} 12... Na5 13. Rd1 Bc6 14. b4 Nb7 15. Nxb7 Bxb7 16. Qxd7 Qf6 17. Qd4 Rfd8 18. Qxf6 Rxd1+ 19. Kxd1 Nxf6 20. Nd2 {½-½ (20) Morrow,W (2507)-Edwards,J (2531) ICCF email 2019}) 13. Rd1 Bc6 14. e3 Nf6 15. Be2 Nb7 16. O-O Nxd6 17. Qxd6 Qxd6 18. Rxd6 Bxf3 19. Bxf3 Rac8 20. b3 Rfd8 21. Rfd1 Kf8 22. Bc6 Ke7 23. Bb5 Rc7 24. R6d3 g5 (24... Ne4 $1 $15 25. b4 d5) 25. f3 $11 h5 26. Kf2 h4 27. e4 e5 28. b4 g4 29. a4 Rg8 30. Rd6 Rg6 {aiming for ...Nxe4+!} 31. Ke2 g3 32. h3 Rg8 (32... Ke8 $11) 33. Ke3 (33. f4 $1 $16) 33... Ra8 34. a5 (34. f4 $1 $11 {keeps the balance.} exf4+ 35. Kf3 (35. Kxf4 a6 $15)) 34... bxa5 $17 35. bxa5 $2 (35. f4 $17 {was forced.} exf4+ 36. Kxf4) 35... a6 $1 $19 {[%cal Ra6b5]} 36. Bxa6 Rca7 $2 ({Black should try} 36... Nh5 $1 $19 {White must now prevent ...Nf4.} 37. f4 Nxf4) 37. Bb5 $36 {[%mdl 2048] White has some pressure.} Rxa5 38. f4 $1 {[%cal Rf4e5]} ({Avoid the trap} 38. Bxd7 $2 Rd8 $19) 38... Ra3+ 39. R6d3 d6 {...Nh5 is the strong threat.} 40. c5 $1 {[%cal Rc5d6]} exf4+ 41. Kxf4 Rxd3 42. Rxd3 dxc5 {[%mdl 4096] Endgame KRB-KRN} 43. e5 Ne8 (43... Nh5+ $11 44. Kg4 Ng7) 44. Rd7+ $14 {[%mdl 1024] White has compensation.} Kf8 {[#]} (44... Ke6 $14) 45. Kg5 $1 $18 {Hoping for Bc4.} Ng7 $2 {[#]} (45... Rc8 $16) 46. Bc4 $1 Ne6+ (46... Ke8 $18 47. Rxf7 Ra4) 47. Kf6 {White mates.} Nd8 48. Bxf7 Nxf7 49. Rxf7+ {KR-KR} Ke8 50. Rh7 Ra2 51. Rh8+ Kd7 52. e6+ Kc6 53. e7 Rf2+ 54. Kg5 {Quite a comeback for White.  Weighted Error Value: White=0.13/Black=0.39} 1-0

[Event "Opera Euro Rapid Prelims 2021"]
[Site "Online"]
[Date "2021.02.03"]
[Round "3.5"]
[White "Dominguez Perez, Leinier"]
[Black "Radjabov, Teimour"]
[Result "1/2-1/2"]
[WhiteElo "2758"]
[BlackElo "2765"]
[Annotator "TA"]
[PlyCount "168"]
[EventDate "2021.02.02"]
[EventType "tourn"]
[EventCountry "NET"]
[SourceTitle "playchess.com"]
[Source "ChessBase"]
[SourceQuality "1"]

{[%evp 24,168,13,27,16,16,1,31,23,14,28,11,22,19,0,9,8,18,10,7,6,7,11,10,9,17,14,14,9,45,57,37,23,47,32,0,0,0,23,0,12,12,17,12,13,14,16,14,15,15,15,15,15,15,15,15,35,35,35,0,0,0,35,35,35,35,35,35,35,35,35,35,35,35,35,20,20,20,20,20,20,20,20,20,20,0,20,20,20,20,20,20,20,20,20,20,20,20,20,20,20,20,20,20,20,20,20,20,20,20,20,20,20,20,20,20,20,20,20,20,20,20,20,20,20,20,20,20,20,0,20,20,20,20,20,20,20,20,20,20,20,0,0,0,0,-8,-8]} 1. e4 c5 2. Nf3 Nc6 3. d4 cxd4 4. Nxd4 e5 5. Nb5 d6 6. N1c3 a6 7. Na3 b5 8. Nd5 Nf6 9. Bg5 Be7 10. Bxf6 Bxf6 11. c3 Bg5 12. Nc2 Rb8 {12...Ne7 is the recent fashion.} 13. a4 bxa4 {B33: Sicilian: Pelikan and Sveshnikov Variations.} 14. Ncb4 Nxb4 15. cxb4 O-O {White is slightly better.} 16. Rxa4 a5 17. h4 (17. Rxa5 $2 Rxb4 $3 {[%mdl 512]} 18. Ra4 Rxb2 $19) (17. bxa5 Rxb2 18. Bd3 Bd7 $17) 17... Bh6 18. b5 ({Stronger than} 18. Rxa5 {[#]} Rxb4 $3 {[%mdl 512]} 19. Ra8 Rxe4+ 20. Be2 Rd4 $19) (18. bxa5 Rxb2 19. Qa1 Rc2 $17) 18... Kh8 19. Be2 Be6 20. b4 axb4 21. Nxb4 Bd7 22. Qd5 Rc8 23. Nc6 Qb6 {[%cal Rc8c6]} 24. Ra6 Bxc6 25. bxc6 Qb4+ 26. Kf1 f5 27. exf5 Qb1+ 28. Bd1 {[#]} Rxf5 $146 ({Predecessor:} 28... Qxf5 29. Ra2 Qb1 30. g4 Be3 31. Kg2 Bb6 32. Bf3 Qg6 33. h5 Qg5 34. Rb1 Bd4 {½-½ (65) Sekowski,P (2324)-Slawinski,T (2405) ICCF email 2018}) 29. Rh3 {aiming for c7.} e4 $1 30. Qb3 {[%cal Rb3b1]} Rb5 31. Qc2 (31. Qxb1 {keeps more tension.} Rxb1 32. Ke2 Rc1 33. Rha3 g6 34. R3a4) 31... Rb2 (31... Qxc2 {is more complex.} 32. Bxc2 d5 33. Bd1 Rb1 34. Ke1 Rc1) 32. Qxb1 Rxb1 33. Ke2 Rc1 34. Rha3 g6 35. Bb3 R1xc6 36. Rxc6 Rxc6 $11 {[%mdl 4096] Endgame KRB-KRB} 37. Ra8+ Kg7 38. g4 Bf4 39. g5 {[%csl Gb3][%cal Ra8g8]} h6 40. Ra7+ {[%mdl 1024] White has compensation.} Kh8 41. Ra8+ (41. h5 $5 d5 42. Bxd5 Rc2+ 43. Kf1 hxg5 44. hxg6 $14) 41... Kg7 42. Ra7+ Kh8 43. h5 d5 ({Worse is} 43... gxh5 44. g6 Rc2+ 45. Kf1 Rc1+ 46. Kg2 d5 47. Rh7+ Kg8 48. Bxd5+ Kf8 49. Rf7+ Ke8 50. g7 Rg1+ 51. Kxg1 Bh2+ 52. Kxh2 h4 53. g8=Q#) ({And not} 43... hxg5 44. hxg6 d5 45. Rh7+ Kg8 46. Bxd5+ Re6 47. Bxe6+ Kf8 48. Rf7+ Ke8 49. g7 Bd6 50. g8=Q+ Bf8 51. Qxf8#) 44. Bxd5 Rc2+ 45. Kf1 hxg5 46. hxg6 {[%csl Gg6][%cal Ra7h7]} Rc7 47. Ra8+ Kg7 48. Bxe4 g4 49. Ke2 Re7 {The position is equal.} 50. Kd3 g3 51. fxg3 Bxg3 52. Ra6 (52. Ke3 {with more complications.} Be5 53. Bf5 Kh6 54. Kf3 Rc7 55. Be4) 52... Bf4 53. Ra4 Bg5 54. Ra6 Bf4 55. Rc6 Bg5 56. Bf5 Re3+ 57. Kd4 Re7 58. Bc2 Be3+ 59. Kd5 Bf4 60. Ra6 Re5+ 61. Kd4 Re7 62. Ra5 (62. Bf5 {is interesting.} Be3+ 63. Kd3 Bf4 64. Be4 Be5 65. Ke2) 62... Be3+ 63. Kd5 Bf4 {And now ...Re5+ would win.} 64. Ra4 (64. Ra3 {feels hotter.} Re5+ 65. Kd4 Re7 66. Rh3 Bb8 67. Bb1) 64... Re5+ 65. Kd4 Re7 66. Ra8 Be3+ 67. Kd5 Bf4 68. Ra1 Re5+ 69. Kd4 Re7 {...Be5+ is the strong threat.} 70. Rh1 Bg3 71. Rh3 Bb8 72. Kd5 Bf4 73. Rh5 Bc7 74. Rh7+ Kf6 75. Rh1 Kg7 76. Rh7+ Kf6 77. Rh8 Kg7 78. Rc8 Bf4 79. Ra8 Bg3 80. Ra3 Bf4 81. Rf3 Bb8 82. Rf7+ {[%mdl 64] Decoy} Rxf7 83. gxf7 Kxf7 84. Bg6+ Kg7 {Weighted Error Value: White=0.04/Black=0.01} 1/2-1/2

[Event "Opera Euro Rapid Prelims 2021"]
[Site "Online"]
[Date "2021.02.03"]
[Round "3.6"]
[White "Duda, Jan-Krzysztof"]
[Black "Vidit, Santosh Gujrathi"]
[Result "1/2-1/2"]
[WhiteElo "2743"]
[BlackElo "2726"]
[Annotator "TA"]
[PlyCount "220"]
[EventDate "2021.02.02"]
[EventType "tourn"]
[EventCountry "NET"]
[SourceTitle "playchess.com"]
[Source "ChessBase"]
[SourceQuality "1"]

{[%evp 16,220,12,10,18,6,16,2,17,0,0,0,18,11,2,0,0,0,0,0,0,0,0,0,0,0,0,0,0,0,52,-2,79,90,77,75,84,70,62,63,60,68,57,64,55,70,70,62,61,8,9,10,6,6,4,0,0,0,8,8,8,8,8,8,31,31,31,31,31,8,8,8,31,31,31,31,31,31,31,31,31,31,31,31,31,31,31,31,31,0,31,31,31,31,31,31,31,31,31,31,31,31,31,31,31,31,31,31,31,31,31,31,31,31,31,31,31,31,31,31,31,8,31,31,31,31,31,31,31,0,31,31,31,31,31,31,31,31,31,31,31,31,31,31,31,31,31,31,31,31,31,31,31,31,31,31,31,0,31,31,31,31,31,31,31,31,31,31,31,31,31,0,31,31,31,31,31,31,31,31,31,31,31,31,31,31,31,31,31,0,31,0,0,0,0,0,0,0,0,0,0,0,0,0,0,0,0]} 1. d4 Nf6 2. c4 e6 3. Nf3 d5 4. Nc3 c5 5. e3 Nc6 6. cxd5 exd5 7. Bb5 cxd4 8. Nxd4 Bd7 9. O-O Bd6 {D32: Tarrasch Defence: Sidelines and lines without g3.} 10. Nf3 Bg4 11. h3 Bh5 12. Be2 O-O 13. b3 (13. Nxd5 $2 Nxd5 14. Qb3 Qd7 $1 $19) 13... a6 14. Bb2 (14. Nxd5 $2 Nxd5 15. Bb2 {[#]} Re8 $1 $19) 14... Re8 15. Nh4 ({Don't go for} 15. Nxd5 $2 Nxd5 16. Nd4 (16. Qxd5 $2 Bh2+ {[%mdl 64] Discovered Attack} 17. Nxh2 Qxd5 $19) 16... Bxe2 $19) 15... Bg6 16. Nxg6 hxg6 17. Bf3 Be5 {[#]} 18. Na4 $146 ({Predecessor:} 18. Rb1 d4 19. exd4 Nxd4 20. Bxb7 Ra7 21. Bf3 Rd7 22. Na4 Bb8 23. Bxd4 Rxd4 {½-½ (56) Carlsen,M (2832)-Grischuk,A (2750) chess.com INT 2017}) 18... Bxb2 19. Nxb2 Ne4 20. Rc1 Qf6 21. Na4 Rad8 22. Nc5 Re7 (22... Nxc5 $11 23. Rxc5 d4 24. Bxc6 dxe3) 23. Rc2 ({White should play} 23. Bxe4 $14 dxe4 24. Qe2) 23... Kh7 (23... Ng5 $11) 24. Bxe4 $16 dxe4 25. Qg4 Rde8 26. Rd1 Nb4 27. Rc4 Nxa2 28. Rdd4 {[%cal Rc5e4]} Qf5 29. Nxe4 Qxg4 30. hxg4 a5 31. Nd6 Rd8 32. f4 (32. Rc5 $14) 32... f6 $11 33. Kf2 Nb4 34. g5 (34. Ke2 {with more complications.} Nc6 35. Rd2 Red7 36. Ne4 Rxd2+ 37. Nxd2 Rd5 38. Rc3) 34... Nc6 35. gxf6 gxf6 36. Nxb7 Rxd4 (36... Nxd4 {is interesting.} 37. Nxd8 Nxb3 38. Nc6 Re6 39. Nd4 Nxd4 40. Rxd4 Ra6) 37. exd4 {d5 is the strong threat.} Rxb7 38. Rxc6 Rxb3 39. Rxf6 {[%mdl 4096] Endgame KR-KR} a4 40. Rf7+ Kg8 41. Ra7 a3 42. Ke2 Rg3 43. d5 {aiming for d6.} Kf8 (43... Rxg2+ {is interesting.} 44. Kf3 Ra2 45. Ke4 Ra1 46. Ke5 a2) 44. Kf2 Rd3 45. d6 Rxd6 46. Rxa3 Kf7 47. Kf3 Kf6 48. Ra5 Rb6 49. Kg4 Rc6 50. Rd5 Rb6 51. Rc5 Ra6 52. Rd5 Rb6 53. Kh4 Ra6 54. g4 Rb6 55. Kg3 Rb3+ 56. Kf2 Ra3 57. Rd6+ Kf7 58. Rb6 Rc3 59. Ra6 Rb3 60. Ra5 (60. g5 {looks sharper.} Rb2+ 61. Kg3 Rb4 62. Ra7+ Ke8 63. Rg7) 60... Rc3 61. Re5 Ra3 62. Re3 Ra4 63. Kf3 Rb4 64. Ra3 Ke6 65. Ra6+ Kf7 66. Ra7+ Kf8 67. Rd7 Ra4 68. Ke3 Rb4 69. Rd4 Rb6 70. Ke4 Ke7 71. Rd5 Ke6 72. Rd4 Ra6 73. Rb4 Rc6 74. Rb5 Rc4+ 75. Kf3 Rc3+ 76. Kf2 Kf6 77. Re5 (77. g5+ {is more complex.} Kf7 78. Ke2 Rc2+ 79. Ke3 Rc1 80. Rb6) 77... Ra3 78. Re3 Ra4 79. Kg3 Rb4 80. Ra3 Rc4 81. Ra5 Kf7 82. Ra7+ Kf8 83. Rd7 $1 Ra4 84. Rd8+ Kf7 85. Rb8 Rc4 86. Rd8 Ra4 87. Rd5 Ke6 {( -> ...Ra3+)} 88. Re5+ (88. Rb5 {keeps more tension.} Kf6 89. Rb6+ Kg7 90. Rb7+ Kf8 91. Rb1) 88... Kf7 89. Re3 Kf6 90. Rc3 Kf7 91. Rb3 $1 Rc4 92. Rb7+ Kf8 93. Rd7 Ra4 94. Kf3 Rb4 95. Rd5 Ke7 96. Ke3 Ke6 97. Rd4 Rb3+ 98. Ke4 Rb6 99. Ra4 Rb7 100. Rc4 Ra7 101. Rc6+ Kf7 102. Kd5 Rd7+ 103. Kc5 (103. Rd6 {seems wilder.} Ra7 104. g5 Ra5+ 105. Kd4 Rb5 106. Ke3) 103... Kg7 {The position is equal.} 104. g5 Rf7 105. Kd6 {Threatens to win with Rc7.} Rxf4 106. Rc7+ Kg8 107. Rc5 Kf7 108. Rc7+ Kg8 109. Rc8+ Kf7 110. Rc7+ Kg8 {Weighted Error Value: White=0.06/Black=0.07} 1/2-1/2

[Event "Opera Euro Rapid Prelims 2021"]
[Site "Online"]
[Date "2021.02.03"]
[Round "3.7"]
[White "Grischuk, Alexander"]
[Black "Nakamura, Hikaru"]
[Result "1/2-1/2"]
[WhiteElo "2777"]
[BlackElo "2736"]
[Annotator "TA"]
[PlyCount "104"]
[EventDate "2021.02.02"]
[EventType "tourn"]
[EventCountry "NET"]
[SourceTitle "playchess.com"]
[Source "ChessBase"]
[SourceQuality "1"]

{[%evp 9,104,33,29,33,25,22,48,36,28,39,41,30,39,42,43,42,34,26,25,26,26,31,46,29,23,29,25,33,30,12,31,24,43,33,41,28,46,38,41,48,35,0,3,0,0,0,0,0,0,0,0,0,0,0,6,6,6,6,6,8,9,9,11,0,0,-8,0,-56,-56,-56,-56,-62,-8,-62,-8,-8,-8,-8,-8,-15,-15,-15,-8,-55,0,0,0,0,0,0,0,0,0,0,0,0,0]} 1. e4 e5 2. Nf3 Nc6 3. Bb5 (3. Bc4 Bc5 4. c3 Nf6 5. d3 d6 6. O-O h6 7. Re1 O-O 8. Nbd2 a5 9. Nf1 Be6 10. Bb5 Ne7 11. d4 exd4 12. cxd4 Bb6 13. Ng3 d5 14. e5 Ne4 15. Bd3 Nxg3 16. hxg3 Bg4 17. Be3 a4 18. Rc1 Qd7 19. Kh2 Bh5 20. e6 fxe6 {0-1 (64) Grischuk,A (2777)-Nakamura,H (2736) chess24.com INT 2020}) 3... a6 4. Ba4 g6 5. d4 b5 6. Bb3 {C70: Ruy Lopez: 3...a6 4 Ba4, Norwegian and Delayed Schliemann.} exd4 7. a4 {[#] aiming for axb5.} b4 8. Nxd4 {White is slightly better.} Na5 9. Bd5 c6 10. Ba2 Bg7 11. c3 c5 12. cxb4 cxb4 13. O-O Ne7 {[#]} 14. Nd2 $1 {[#]} O-O $146 (14... Bxd4 15. Nc4) ({Predecessor:} 14... d5 15. exd5 Bxd4 16. Nc4 Nf5 17. Re1+ Kd7 18. Nxa5 Qxa5 19. g4 b3 20. gxf5 bxa2 {½-½ (42) Santos Ruiz,M (2581)-Van Foreest,J (2671) Los Cancajos 2020}) 15. N2f3 d6 16. h3 Bb7 17. Re1 Nec6 18. Bg5 Qd7 19. Qd2 Rab8 20. Bh6 {Strongly threatening Nf5!} Nxd4 21. Nxd4 Bxh6 $1 22. Qxh6 b3 23. Nxb3 Nxb3 24. Bxb3 Bc6 25. Re3 Rb4 26. Rae1 Bxa4 27. Bd5 Bc6 $1 28. b3 Bxd5 29. exd5 Rd4 30. Re7 Qb5 31. R7e4 Rxd5 32. Rh4 {[%csl Gh4][%cal Rh6h7]} Rh5 33. Rxh5 Qxh5 34. Qxh5 gxh5 $11 {[%mdl 4096] Endgame KR-KR} 35. Ra1 Rb8 36. Rd1 Rb6 37. Rd5 h4 38. Rd4 (38. Ra5 $11) 38... Rxb3 $15 39. Rxd6 a5 40. Ra6 Rb1+ 41. Kh2 Ra1 (41... Rb5 $1 $15) 42. g3 $11 hxg3+ 43. Kxg3 a4 44. h4 a3 45. Kf4 Kg7 46. h5 f6 (46... h6 $15) 47. Kf5 {The position is equal.} a2 48. f4 Rh1 49. Ra7+ Kf8 50. Rxa2 Rxh5+ 51. Kxf6 {[%cal Ra2a8]} Rh6+ 52. Ke5 Rb6 {Weighted Error Value: White=0.06/Black=0.05} 1/2-1/2

[Event "Opera Euro Rapid Prelims 2021"]
[Site "Online"]
[Date "2021.02.03"]
[Round "3.8"]
[White "Giri, Anish"]
[Black "Nepomniachtchi, Ian"]
[Result "1-0"]
[WhiteElo "2764"]
[BlackElo "2789"]
[Annotator "TA"]
[PlyCount "73"]
[EventDate "2021.02.02"]
[EventType "tourn"]
[EventCountry "NET"]
[SourceTitle "playchess.com"]
[Source "ChessBase"]
[SourceQuality "1"]

{[%evp 12,73,0,0,22,10,4,2,5,0,7,0,31,0,34,35,18,31,39,27,46,58,70,81,67,67,73,75,88,90,112,79,100,92,89,89,137,142,153,149,163,155,295,230,225,225,212,196,209,189,200,213,311,308,329,330,331,327,406,377,523,523,533,517]} 1. e4 c5 2. Nf3 d6 3. d4 cxd4 4. Nxd4 Nf6 5. Nc3 a6 6. a4 e5 7. Nf3 h6 {B90: Sicilian Najdorf: Unusual White 6th moves, 6 Be3 Ng4 and 6 Be3 e5.} 8. g3 $5 {[%mdl 4] Leaves trodden paths.} Be7 9. Bg2 {[#]} Nc6 $146 {The position is equal.} ({Predecessor:} 9... Be6 10. O-O O-O 11. h3 Nbd7 12. Be3 Rc8 13. Nh4 Qc7 14. Qf3 Rfd8 15. Nf5 Bxf5 16. exf5 {½-½ (51) Jap Tjoen San,L (2100)-Gould,P (1740) Haarlem 1997}) 10. O-O O-O 11. Re1 Rb8 12. b3 b5 13. axb5 axb5 14. Nd5 Bg4 15. Bb2 Nxd5 16. exd5 Nd4 17. Bxd4 exd4 18. Qd3 ({Reject} 18. Qxd4 Bxf3 19. Bxf3 Bf6 $17) 18... Bxf3 19. Bxf3 Re8 20. Ra6 ({Inferior is} 20. Qxd4 Bf6 $17) 20... Bf8 21. Rf1 Qf6 22. h4 g6 23. h5 Re5 24. hxg6 fxg6 25. Be4 h5 26. Qxd4 {Hoping for f4.} Qf7 {[#]} (26... Rbe8 $16 27. Bd3 Bg7 28. Bxb5 Rd8) 27. Bxg6 $1 {[%mdl 512]} Qxd5 28. Qxd5+ Rxd5 29. Ra7 {Black must now prevent Bf7+.} Rg5 30. Bh7+ Kh8 31. Bd3 Bg7 (31... Rg7 {was worth a try.}) 32. Kg2 $18 Kg8 33. f4 Rc5 34. Re1 h4 35. g4 Rf8 36. Ree7 Bd4 {Now ...Rcc8 and Black clings on.} 37. Rad7 {Weighted Error Value: White=0.06/Black=0.28} 1-0